000
00320nam a22001337a 4500
008
181107b xxu||||| |||| 00| 0 eng d
020
_a
0030638011
041
_a
eng
080
_a
101
100
_a
23
101
_a
FIL
245
_a
Philosophy An Introduction To The Centrall Issues
_c
Charles.L
942
_2
udc
_c
BK
999
_c
52196
_d
52196